Vista normal
Vista MARC
- Audry, Ofelia
Entrada Personal Name
Número de registros utilizados en: 3
001 - CONTROL NUMBER
- control field: 26152
003 - CONTROL NUMBER IDENTIFIER
- control field: OSt
005 - DATE AND TIME OF LATEST TRANSACTION
- control field: 20161011165018.0
008 - FIXED-LENGTH DATA ELEMENTS
- fixed length control field: 161011|| aca||aabn | a|a d
040 ## - CATALOGING SOURCE
- Original cataloging agency: OSt
- Transcribing agency: OSt
100 ## - HEADING--PERSONAL NAME
- Personal name: Audry, Ofelia
670 ## - SOURCE DATA FOUND
- Source citation: Work cat.: (OSt)1418: Audry, Ofelia, Decoración con frutas: tallado y corte